LEADER 01812nam0 2200349 i 450 001 VAN0049259 005 20240209085523.934 010 $a08-987139-6-X 010 $a978-08-987139-6-1 100 $a20060807d1997 |0itac50 ba 101 $aeng 102 $aUS 105 $a|||| ||||| 200 1 $aIterative methods for solving linear systems$fAnne Greenbaum 210 $aPhiladelphia$cSIAM$d1997 215 $aXV, 220 p.$cill.$d26 cm 410 1$1001VAN0036930$12001 $aFrontiers in applied mathematics$1210 $aPhiladelphia$cSIAM$v17 606 $a65-XX$xNumerical analysis [MSC 2020]$3VANC019772$2MF 606 $a65F10$xIterative numerical methods for linear systems [MSC 2020]$3VANC022160$2MF 606 $a65N55$xMultigrid methods; domain decomposition for boundary value problems involving PDEs [MSC 2020]$3VANC023063$2MF 606 $a65G50$xRoundoff error [MSC 2020]$3VANC023148$2MF 606 $a65F35$xNumerical computation of matrix norms, conditioning, scaling [MSC 2020]$3VANC023687$2MF 620 $dPhiladelphia$3VANL000037 700 1$aGreenbaum$bAnne$3VANV038947$0314636 712 $aSIAM $3VANV108794$4650 801 $aIT$bSOL$c20240531$gRICA 856 4 $uhttps://books.google.it/books?id=QpVpvE4gWZwC&printsec=frontcover&dq=Iterative+methods+for+solving+linear+systems&hl=it&sa=X&redir_esc=y#v=onepage&q&f=false$zPreview 912 $aVAN0049259 950 $aBIBLIOTECA DEL DIPARTIMENTO DI MATEMATICA E FISICA$d08PREST 65-XX 1701 $e08 4675 I b 20060807 950 $aBIBLIOTECA DEL DIPARTIMENTO DI MATEMATICA E FISICA$d08PREST 65-XX 1701 $e08 4551 I a 20060907 996 $aIterative methods for solving linear systems$9805311 997 $aUNICAMPANIA LEADER 02228nam2 22004813i 450 001 VAN00218534 005 20250124103637.507 017 70$2N$a9783030241520 100 $a20210928d2019 |0itac50 ba 101 $aeng 102 $aCH 105 $a|||| ||||| 200 1 $aˆ1: ‰Linear Optical Properties of Semiconductors$fHeinz Kalt, Claus F. Klingshirn 205 $a5. ed 210 $aCham$cSpringer$d2019 215 $axix, 559 p.$cill.$d24 cm 410 1$1001VAN00132770$12001 $aGraduate Texts in Physics$1210 $aBerlin [etc.]$cSpringer 461 1$1001VAN00218532$12001 $aSemiconductor optics$fHeinz Kalt, Claus F. Klingshirn$1210 $aCham$cSpringer$1215 $avolumi$cill.$d24 cm$v1 500 1$3VAN00218537$aSemiconductor Optics, 1, Linear Optical Properties of Semiconductors$92572878 606 $a78-XX$xOptics, electromagnetic theory [MSC 2020]$3VANC022356$2MF 606 $a80-XX$xClassical thermodynamics, heat transfer [MSC 2020]$3VANC022357$2MF 606 $a82-XX$xStatistical mechanics, structure of matter [MSC 2020]$3VANC021931$2MF 610 $aCoherent Phenomena Optics$9KW:K 610 $aFiber Optics$9KW:K 610 $aIntegrated Optics$9KW:K 610 $aNano Photonics$9KW:K 610 $aNonlinear Optics$9KW:K 610 $aOptical Waveguides$9KW:K 610 $aOptoelectronic Devices$9KW:K 610 $aSemiconductor Optics$9KW:K 610 $aTime-resolved Spectroscopy$9KW:K 620 $aCH$dCham$3VANL001889 700 1$aKalt$bHeinz$3VANV185968$0294630 701 1$aKlingshirn$bClaus F.$3VANV026656$0542529 712 $aSpringer $3VANV108073$4650 801 $aIT$bSOL$c20250131$gRICA 856 4 $uhttp://doi.org/10.1007/978-3-030-24152-0$zE-book ? Accesso al full-text attraverso riconoscimento IP di Ateneo, proxy e/o Shibboleth 899 $aBIBLIOTECA DEL DIPARTIMENTO DI MATEMATICA E FISICA$1IT-CE0120$2VAN08 912 $fN 912 $aVAN00218534 950 $aBIBLIOTECA DEL DIPARTIMENTO DI MATEMATICA E FISICA$d08DLOAD e-book 4019 $e08eMF4019 20210928 996 $aSemiconductor Optics, 1, Linear Optical Properties of Semiconductors$92572878 997 $aUNICAMPANIA